LEADER 03034nam 2200649 450 001 9910140609903321 005 20170815170349.0 010 $a0-470-97584-9 010 $a1-282-55105-1 010 $a9786612551055 010 $a0-470-66148-8 010 $a0-470-66147-X 035 $a(CKB)2670000000014751 035 $a(EBL)514422 035 $a(OCoLC)609862876 035 $a(SSID)ssj0000365832 035 $a(PQKBManifestationID)11296466 035 $a(PQKBTitleCode)TC0000365832 035 $a(PQKBWorkID)10414704 035 $a(PQKB)11143054 035 $a(MiAaPQ)EBC514422 035 $a(MiAaPQ)EBC4029161 035 $a(EXLCZ)992670000000014751 100 $a20160106h20102010 uy 0 101 0 $aeng 135 $aur|n|---||||| 181 $ctxt 182 $cc 183 $acr 200 10$aShooting to kill? $epolicing, firearms and armed response /$fPeter Squires, Peter Kennison 210 1$aChichester, West Sussex, England :$cWiley-Blackwell,$d2010. 210 4$dİ2010 215 $a1 online resource (251 p.) 300 $aDescription based upon print version of record. 311 $a0-470-77927-6 311 $a0-470-77926-8 320 $aIncludes bibliographical references and index. 327 $aShooting to Kill?; Contents; Preface; About the Authors; Acknowledgements; List of Abbreviations; 1. Introduction: The Hardest Job in Policing?; Timeline on Police Weapons and Firearms; 2. The Shooting of Jean Charles de Menezes and 'Operation Kratos'; 3. Old Myths and Changing Realities; 4. Shootings, Policy Shifts and Competing Pressures; 5. Police Politics and Morale; 6. Policing in a 'Gun Culture'? Policing of Guns and Policing with Guns; 7. Intelligence Dilemmas, Armed Response Policy and Research; 8. Critical Case Studies of Selected Police-involved Shooting Incidents 327 $a9. Concluding Themes: Losing by Appearing to Win?Bibliography; Index 330 $aShooting to Kill? Policing, Firearms and Armed Response explores the dilemma of armed response policing in the UK, and policing in a gun culture. Offers the first critical exploration of the ACPO code of guidance on Police Use of Firearms and other tactical manualsIncludes interviews with senior police firearms managers and critical case studies of police firearms incidentsFeatures the first in-depth, academic analysis of the Stockwell shooting incident and the Kratos policyProvides a review of key developments in armed response policing around the worldDescribes 606 $aPolice shootings$zGreat Britain 606 $aPolice$zGreat Britain 606 $aGun control$zGreat Britain 608 $aElectronic books. 615 0$aPolice shootings 615 0$aPolice 615 0$aGun control 676 $a363.232 700 $aSquires$b Peter$0862766 702 $aKennison$b Peter 801 0$bMiAaPQ 801 1$bMiAaPQ 801 2$bMiAaPQ 906 $aBOOK 912 $a9910140609903321 996 $aShooting to kill$91926036 997 $aUNINA LEADER 00922nam 2200313Ia 450 001 996396880603316 005 20200818212437.0 035 $a(CKB)4940000000062139 035 $a(EEBO)2248529907 035 $a(OCoLC)ocm45504392e 035 $a(OCoLC)45504392 035 $a(EXLCZ)994940000000062139 100 $a20001208d1688 uy 0 101 0 $aeng 135 $aurbn||||a|bb| 200 04$aThe case of the College of Physicians, London$b[electronic resource] 210 $a[London? $cs.n.$d1688?] 215 $a2 p 300 $aPlace and date of publication suggested by Wing. 300 $aReproduction of original in: Bodleian Library. 330 $aeebo-0014 606 $aCharters$vEarly works to 1800 615 0$aCharters 801 0$bEAE 801 1$bEAE 906 $aBOOK 912 $a996396880603316 996 $aThe case of the College of Physicians, London$92360796 997 $aUNISA